000 00465nam a2200169 a 4500
005 20140412111323.0
008 010308s19uu xx 00 eng d
020 _a0-307-02179-3
050 _aER
_bJu98 1990
100 _aGilchrist, Guy
245 _aJust imagine :
_ba book of fairyland rhymes /
_cGuy Gilchrist.
260 _aNew York :
_bA Golden Book,
_c1990.
300 _a1 v. (unp.) ; ill.
650 _aRhymes
650 _aFairy Tales
999 _c104451
_d104451